Functionalized Porous Carbon Fiber Electrodes for Applications in Electrochemical Flow Cells.

Bibliographic Details
Main Author: Molaei, Arman.
Format: eBook
Language:English
Published: Linköping : Linkopings Universitet, 2023.
Edition:1st ed.
Series:Linköping Studies in Science and Technology. Dissertations Series
Subjects:
Online Access:Click to View
LEADER 02044nam a22003853i 4500
001 EBC31377005
003 MiAaPQ
005 20240729202206.0
006 m o d |
007 cr cnu||||||||
008 240729s2023 xx o ||||0 eng d
020 |a 9789180751407  |q (electronic bk.) 
020 |z 9789180751391 
035 |a (MiAaPQ)EBC31377005 
035 |a (Au-PeEL)EBL31377005 
035 |a (OCoLC)1439598897 
040 |a MiAaPQ  |b eng  |e rda  |e pn  |c MiAaPQ  |d MiAaPQ 
100 1 |a Molaei, Arman. 
245 1 0 |a Functionalized Porous Carbon Fiber Electrodes for Applications in Electrochemical Flow Cells. 
250 |a 1st ed. 
264 1 |a Linköping :  |b Linkopings Universitet,  |c 2023. 
264 4 |c {copy}2023. 
300 |a 1 online resource (95 pages) 
336 |a text  |b txt  |2 rdacontent 
337 |a computer  |b c  |2 rdamedia 
338 |a online resource  |b cr  |2 rdacarrier 
490 1 |a Linköping Studies in Science and Technology. Dissertations Series ;  |v v.2308 
505 0 |a Intro -- Abstract -- Sammanfattning -- Acknowledgments -- List of Papers -- List of Patents -- Contents -- Part I Background -- 1. Introduction -- 2. Materials -- 3. Electrochemical Processes -- 4. Electrochemical Methods -- 5. Fabrication and Characterization -- 6. Conclusion and Outlook -- Reference -- Part II Publications. 
588 |a Description based on publisher supplied metadata and other sources. 
590 |a Electronic reproduction. Ann Arbor, Michigan : ProQuest Ebook Central, 2024. Available via World Wide Web. Access may be limited to ProQuest Ebook Central affiliated libraries.  
655 4 |a Electronic books. 
776 0 8 |i Print version:  |a Molaei, Arman  |t Functionalized Porous Carbon Fiber Electrodes for Applications in Electrochemical Flow Cells  |d Linköping : Linkopings Universitet,c2023  |z 9789180751391 
797 2 |a ProQuest (Firm) 
830 0 |a Linköping Studies in Science and Technology. Dissertations Series 
856 4 0 |u https://ebookcentral.proquest.com/lib/matrademy/detail.action?docID=31377005  |z Click to View